<?xml version="1.0" encoding="UTF-8"?>
<record
    xmlns:xsi="http://www.w3.org/2001/XMLSchema-instance"
    xsi:schemaLocation="http://www.loc.gov/MARC21/slim http://www.loc.gov/standards/marcxml/schema/MARC21slim.xsd"
    xmlns="http://www.loc.gov/MARC21/slim">

  <leader>00813nam a22002297a 4500</leader>
  <controlfield tag="003">OSt</controlfield>
  <controlfield tag="005">20220822165216.0</controlfield>
  <controlfield tag="008">220822t2012    ck a|||jr|||| 00| 1 spa d</controlfield>
  <datafield tag="020" ind1=" " ind2=" ">
    <subfield code="a">9789583036248</subfield>
  </datafield>
  <datafield tag="040" ind1=" " ind2=" ">
    <subfield code="a">CO-JMCR</subfield>
    <subfield code="c">CO-JMCR</subfield>
  </datafield>
  <datafield tag="041" ind1="0" ind2=" ">
    <subfield code="a">spa</subfield>
  </datafield>
  <datafield tag="082" ind1="0" ind2="4">
    <subfield code="a">C / </subfield>
    <subfield code="b">SAM</subfield>
  </datafield>
  <datafield tag="245" ind1="1" ind2="0">
    <subfield code="a">Samur&#xE1;is y otros guerreros </subfield>
  </datafield>
  <datafield tag="260" ind1=" " ind2=" ">
    <subfield code="a">Bogot&#xE1; :</subfield>
    <subfield code="b">Panamericana, </subfield>
    <subfield code="c">2012.</subfield>
  </datafield>
  <datafield tag="300" ind1=" " ind2=" ">
    <subfield code="a">[7] p&#xE1;ginas :</subfield>
    <subfield code="b">ilustraciones ; </subfield>
    <subfield code="c">36 cm. </subfield>
  </datafield>
  <datafield tag="505" ind1="0" ind2=" ">
    <subfield code="a">El samurai y sus armas -- El samur&#xE1;i y su se&#xF1;or -- El samur&#xE1;i y sus costumbres -- El duelo: samur&#xE1;i contra ronin -- Samur&#xE1;i y ninja -- El samur&#xE1;i: meditaci&#xF3;n y escritura. </subfield>
  </datafield>
  <datafield tag="521" ind1="1" ind2=" ">
    <subfield code="a">No recomendado para menores de 36 meses.</subfield>
    <subfield code="b">Tapa posterior.</subfield>
  </datafield>
  <datafield tag="650" ind1="1" ind2="4">
    <subfield code="a">Literatura juvenil</subfield>
    <subfield code="9">7569</subfield>
  </datafield>
  <datafield tag="650" ind1="1" ind2="4">
    <subfield code="a">Cultura japonesa</subfield>
    <subfield code="9">42314</subfield>
  </datafield>
  <datafield tag="650" ind1="2" ind2="4">
    <subfield code="2">Samur&#xE1;i</subfield>
  </datafield>
  <datafield tag="942" ind1=" " ind2=" ">
    <subfield code="2">ddc</subfield>
    <subfield code="c">BK</subfield>
  </datafield>
  <datafield tag="999" ind1=" " ind2=" ">
    <subfield code="c">29730</subfield>
    <subfield code="d">16114</subfield>
  </datafield>
  <datafield tag="952" ind1=" " ind2=" ">
    <subfield code="0">0</subfield>
    <subfield code="1">0</subfield>
    <subfield code="2">ddc</subfield>
    <subfield code="4">0</subfield>
    <subfield code="7">0</subfield>
    <subfield code="a">CPL</subfield>
    <subfield code="b">CPL</subfield>
    <subfield code="c">PROC</subfield>
    <subfield code="d">2022-08-22</subfield>
    <subfield code="e">Donaci&#xF3;n</subfield>
    <subfield code="l">19</subfield>
    <subfield code="o">C /  SAM</subfield>
    <subfield code="p">201811557</subfield>
    <subfield code="r">2025-07-07 07:33:03</subfield>
    <subfield code="s">2025-07-04</subfield>
    <subfield code="t">Ej. 1</subfield>
    <subfield code="w">2022-08-22</subfield>
    <subfield code="y">BK</subfield>
  </datafield>
</record>
